[Event "Budapest-chT1 Lilienthal 1314"]
[Site "Budapest"]
[Date "2013.09.29"]
[Round "1"]
[White "Kis, Bela"]
[Black "Valis, Janos"]
[Result "1-0"]
[WhiteElo "2119"]
[BlackElo "2075"]
[PlyCount "37"]
[EventDate "2013.09.29"]
[EventType "team-tourn"]
[EventRounds "11"]
[EventCountry "HUN"]
[SourceTitle "EXT 2021"]
[Source "ChessBase"]
[SourceDate "2020.10.23"]
[SourceVersion "1"]
[SourceVersionDate "2020.10.23"]
[SourceQuality "1"]
[WhiteTeam "Budapest Vasas II"]
[BlackTeam "Budapest HUSI II"]
[WhiteTeamCountry "HUN"]
[BlackTeamCountry "HUN"]

1. e4 d6 2. d4 g6 3. Nf3 Nf6 4. Nc3 Bg7 5. Be3 c6 6. Qd2 Qc7 7. 0-0-0 b5 8. e5 dxe5 9. dxe5 b4 10. Nb5 cxb5 11. exf6 Bxf6 12. Bf4 e5 13. Nxe5 0-0 14. Nxg6 Qa5 15. Nxf8 Qxa2 16. Qxb4 Nc6 17. Qa3 Qxa3 18. bxa3 Kxf8 19. Rd6 1-0

[Event "HUN-chT2 Breyer 1213"]
[Site "Hungary"]
[Date "2012.11.18"]
[Round "4.10"]
[White "Valis, Janos"]
[Black "Grinacz, Aba Samuel"]
[Result "1-0"]
[WhiteElo "2060"]
[BlackElo "1471"]
[PlyCount "57"]
[EventDate "2012.09.16"]
[EventType "team-tourn"]
[EventRounds "11"]
[EventCountry "HUN"]
[SourceTitle "EXT 2014"]
[Source "ChessBase"]
[SourceDate "2013.11.20"]
[SourceVersion "1"]
[SourceVersionDate "2013.11.20"]
[SourceQuality "1"]
[WhiteTeam "Husi"]
[BlackTeam "Zoltek"]
[WhiteTeamCountry "HUN"]
[BlackTeamCountry "HUN"]

1. e4 e5 2. Nc3 Nc6 3. g3 Nf6 4. Bg2 Bb4 5. Nge2 0-0 6. 0-0 d6 7. d3 Bg4 8. f3 Bc5+ 9. Kh1 Be6 10. f4 Nd4 11. a3 Qc8 12. f5 Bd7 13. g4 h6 14. Ng3 Nh7 15. Nd5 Qd8 16. c3 Nb5 17. f6 c6 18. Ne7+ Kh8 19. fxg7+ Kxg7 20. Ngf5+ Bxf5 21. Nxf5+ Kh8 22. Nxh6 Ng5 23. Bxg5 Qxg5 24. Nxf7+ Rxf7 25. Rxf7 d5 26. Qf3 d4 27. Rf5 Qg7 28. Qg3 Bd6 29. Qh4+ 1-0

[Event "Budapest-chT1 Lilienthal 1112"]
[Site "Budapest"]
[Date "2012.03.18"]
[Round "10"]
[White "Valis, Janos"]
[Black "Pongo, Istvan"]
[Result "0-1"]
[WhiteElo "2049"]
[BlackElo "1874"]
[PlyCount "74"]
[EventDate "2011.10.02"]
[EventType "team-tourn"]
[EventRounds "11"]
[EventCountry "HUN"]
[SourceTitle "EXT 2020"]
[Source "ChessBase"]
[SourceDate "2019.10.17"]
[SourceVersion "1"]
[SourceVersionDate "2019.10.17"]
[SourceQuality "1"]
[WhiteTeam "Budapest HUSI II"]
[BlackTeam "REAC SISE"]
[WhiteTeamCountry "HUN"]
[BlackTeamCountry "HUN"]

1. g3 c5 2. Bg2 Nc6 3. d3 g6 4. e4 Bg7 5. Nc3 e6 6. Be3 d6 7. Nge2 Nge7 8. d4 cxd4 9. Nxd4 a6 10. 0-0 0-0 11. Qd2 Ne5 12. Qe2 Qc7 13. Rad1 b5 14. a3 Nc4 15. Bc1 Nxa3 16. e5 d5 17. Ne4 dxe4 18. Bxe4 Rb8 19. bxa3 Bxe5 20. Nf3 Bg7 21. Bf4 e5 22. Bg5 f6 23. Be3 f5 24. Bd5+ Nxd5 25. Rxd5 Bb7 26. Rc5 Qe7 27. c3 Rbe8 28. Ng5 f4 29. gxf4 exf4 30. Qa2+ Kh8 31. Bd4 h6 32. Nh3 Qh4 33. Bxg7+ Kxg7 34. Rc7+ Re7 35. Rxe7+ Qxe7 36. Qd2 Qe6 37. Qd3 Qg4+ 0-1

[Event "Budapest-chT1 Lilienthal 1112"]
[Site "Budapest"]
[Date "2011.12.11"]
[Round "5"]
[White "Birinyi, Istvan"]
[Black "Valis, Janos"]
[Result "1/2-1/2"]
[WhiteElo "2081"]
[BlackElo "2049"]
[PlyCount "120"]
[EventDate "2011.10.02"]
[EventType "team-tourn"]
[EventRounds "11"]
[EventCountry "HUN"]
[SourceTitle "EXT 2020"]
[Source "ChessBase"]
[SourceDate "2019.10.17"]
[SourceVersion "1"]
[SourceVersionDate "2019.10.17"]
[SourceQuality "1"]
[WhiteTeam "Budapest Honved III"]
[BlackTeam "Budapest HUSI II"]
[WhiteTeamCountry "HUN"]
[BlackTeamCountry "HUN"]

1. e4 d6 2. d4 g6 3. Nf3 Bg7 4. Nc3 Nf6 5. h3 0-0 6. Be3 c6 7. Be2 Qc7 8. 0-0 Nbd7 9. Qd2 Re8 10. Rad1 b5 11. a3 a5 12. b4 axb4 13. axb4 Nb6 14. Bf4 Bd7 15. e5 Nfd5 16. Nxd5 Nxd5 17. Bg3 Ra4 18. c4 Nxb4 19. exd6 exd6 20. cxb5 cxb5 21. Rc1 Qb6 22. Bd1 Nd5 23. Bxa4 bxa4 24. Rb1 Qa6 25. Rfe1 Rxe1+ 26. Qxe1 h6 27. Qc1 Bb5 28. Bxd6 Qxd6 29. Rxb5 Nf4 30. Qc4 a3 31. Rb7 Ne6 32. Qa4 Nxd4 33. Nxd4 Bxd4 34. Rd7 a2 35. Rxd6 a1Q+ 36. Qxa1 Bxa1 37. Rd7 Kg7 38. f4 h5 39. Kf2 Bc3 40. Kf3 Kf6 41. Rc7 Be1 42. Rc6+ Ke7 43. f5 Bh4 44. Kf4 Bf6 45. g4 hxg4 46. hxg4 Bd4 47. Ra6 Bb2 48. Rb6 Bd4 49. Rc6 gxf5 50. Kxf5 Be3 51. g5 Bd4 52. Rc4 Bb2 53. Rc7+ Kf8 54. Kg4 Bd4 55. Kh5 Be3 56. Rc3 Bd2 57. Rc2 Be3 58. Rc8+ Kg7 59. Rc7 Kf8 60. Rc2 Kg7 1/2-1/2

[Event "Budapest-chT1 Lilienthal 1112"]
[Site "Budapest"]
[Date "2011.12.04"]
[Round "4"]
[White "Valis, Janos"]
[Black "Letay, Gyula"]
[Result "1-0"]
[WhiteElo "2049"]
[BlackElo "2028"]
[PlyCount "71"]
[EventDate "2011.10.02"]
[EventType "team-tourn"]
[EventRounds "11"]
[EventCountry "HUN"]
[SourceTitle "EXT 2020"]
[Source "ChessBase"]
[SourceDate "2019.10.17"]
[SourceVersion "1"]
[SourceVersionDate "2019.10.17"]
[SourceQuality "1"]
[WhiteTeam "Budapest HUSI II"]
[BlackTeam "Budapest Vasas II"]
[WhiteTeamCountry "HUN"]
[BlackTeamCountry "HUN"]

1. e4 c5 2. Nc3 Nc6 3. f4 e6 4. Nf3 d5 5. Bb5 a6 6. Bxc6+ bxc6 7. d3 g6 8. 0-0 Bg7 9. Qe1 Rb8 10. b3 Nf6 11. e5 Nd7 12. Ba3 Qb6 13. Na4 Qa7 14. c4 Bf8 15. Qf2 d4 16. Ng5 h6 17. Ne4 Be7 18. g4 0-0 19. Qg3 Kh7 20. Kh1 Rg8 21. Rae1 Bb7 22. Bc1 Nb6 23. Nxb6 Qxb6 24. Qh3 Rh8 25. f5 Kg8 26. fxg6 fxg6 27. g5 Bc8 28. gxh6 Qd8 29. Qg4 Qe8 30. Rf6 Kh7 31. Rg1 Rg8 32. Ng5+ Kh8 33. Nf7+ Kh7 34. Rxg6 Qxf7 35. Rxg8 Bf8 36. Qe4+ 1-0

[Event "HUN-chT2 Breyer 1112"]
[Site "Hungary"]
[Date "2011.11.27"]
[Round "4.10"]
[White "Valis, Janos"]
[Black "Kovacs, Balazs"]
[Result "1-0"]
[WhiteElo "2049"]
[BlackElo "1756"]
[PlyCount "63"]
[EventDate "2011.09.25"]
[EventType "team-tourn"]
[EventRounds "11"]
[EventCountry "HUN"]
[SourceTitle "EXT 2013"]
[Source "ChessBase"]
[SourceDate "2012.11.22"]
[SourceVersion "1"]
[SourceVersionDate "2012.11.22"]
[SourceQuality "1"]
[WhiteTeam "Husi"]
[BlackTeam "Turul"]
[WhiteTeamCountry "HUN"]
[BlackTeamCountry "HUN"]

1. e4 d6 2. d4 Nf6 3. Nc3 g6 4. Be2 Bg7 5. g4 c5 6. g5 Nfd7 7. d5 Qa5 8. Bd2 a6 9. h4 c4 10. a4 Qb6 11. Bxc4 Bd4 12. Rh2 Ne5 13. Be2 Nbd7 14. a5 Qc7 15. Ra4 Ba7 16. Nh3 Nc5 17. Ra3 b5 18. axb6 Bxb6 19. b4 Ncd7 20. Na4 Bd4 21. Be3 Bxe3 22. Rxe3 Nb6 23. Rc3 Qb7 24. Nb2 Bxh3 25. Rhxh3 Rc8 26. Qd4 0-0 27. f4 Ned7 28. h5 Rxc3 29. Rxc3 Rc8 30. hxg6 fxg6 31. Bg4 Rxc3 32. Be6+ 1-0

[Event "Budapest-chT1 Lilienthal 1112"]
[Site "Budapest"]
[Date "2011.11.20"]
[Round "3"]
[White "Valis, Janos"]
[Black "Szabo, Peter2222"]
[Result "1-0"]
[WhiteElo "2049"]
[BlackElo "1966"]
[PlyCount "61"]
[EventDate "2011.10.02"]
[EventType "team-tourn"]
[EventRounds "11"]
[EventCountry "HUN"]
[SourceTitle "EXT 2020"]
[Source "ChessBase"]
[SourceDate "2019.10.17"]
[SourceVersion "1"]
[SourceVersionDate "2019.10.17"]
[SourceQuality "1"]
[WhiteTeam "Budapest HUSI II"]
[BlackTeam "Hid Unio"]
[WhiteTeamCountry "HUN"]
[BlackTeamCountry "HUN"]

1. e4 e5 2. Nc3 d6 3. Bc4 Nf6 4. Nf3 Be7 5. d4 exd4 6. Nxd4 0-0 7. 0-0 Bg4 8. f3 Bd7 9. Be3 Nc6 10. Kh1 Nxd4 11. Bxd4 Be6 12. Qe2 Qc8 13. Rfe1 Bxc4 14. Qxc4 c6 15. Qb3 Nd7 16. Nd1 Bf6 17. Bxf6 Nxf6 18. c4 Nd7 19. Ne3 Nc5 20. Qc3 Qe6 21. Rad1 g6 22. Ng4 f6 23. b4 Na4 24. Qc2 Nb6 25. c5 dxc5 26. bxc5 Qc4 27. Qb2 Qxc5 28. Nxf6+ Kf7 29. Nd7 Qe7 30. Nxf8 Kxf8 31. Qh8+ 1-0

[Event "HUN-chT2 Charousek 1011"]
[Site "Hungary"]
[Date "2010.10.10"]
[Round "3"]
[White "Bagi, Mate"]
[Black "Valis, Janos"]
[Result "1-0"]
[WhiteElo "2224"]
[BlackElo "2129"]
[PlyCount "67"]
[EventDate "2010.09.12"]
[EventType "team-tourn"]
[EventRounds "11"]
[EventCountry "HUN"]
[SourceTitle "EXT 2012"]
[Source "ChessBase"]
[SourceDate "2011.11.24"]
[SourceVersion "1"]
[SourceVersionDate "2011.11.24"]
[SourceQuality "1"]
[WhiteTeam "Tatai Honved"]
[BlackTeam "Husi"]
[WhiteTeamCountry "HUN"]
[BlackTeamCountry "HUN"]

1. e4 d6 2. d4 g6 3. Nc3 Bg7 4. Bg5 c6 5. Qd2 Qa5 6. f4 d5 7. exd5 cxd5 8. Bb5+ Kf8 9. Nf3 Nc6 10. 0-0 e6 11. Ne5 Qb6 12. Bxc6 bxc6 13. Bh4 Nh6 14. Na4 Qc7 15. Nc5 Nf5 16. Bf2 h5 17. Rfe1 Bf6 18. c3 Be7 19. Ned3 Kg7 20. b4 a5 21. a4 Ba6 22. b5 cxb5 23. Rxe6 Qc8 24. Re5 bxa4 25. Rxd5 Bc4 26. Re5 Bd6 27. Ree1 Bb3 28. Nxa4 Qc6 29. Nac5 Bd5 30. Ne5 Bxe5 31. Rxe5 Bxg2 32. d5 Rhd8 33. Kxg2 Nh4+ 34. Bxh4 1-0

[Event "Budapest-chT1 Lilienthal 1011"]
[Site "Budapest"]
[Date "2010.10.03"]
[Round "2"]
[White "Valis, Janos"]
[Black "Bauer, Peter2222"]
[Result "1-0"]
[WhiteElo "2129"]
[BlackElo "2148"]
[PlyCount "53"]
[EventDate "2010.09.19"]
[EventType "team-tourn"]
[EventRounds "11"]
[EventCountry "HUN"]
[SourceTitle "EXT 2020"]
[Source "ChessBase"]
[SourceDate "2019.10.17"]
[SourceVersion "1"]
[SourceVersionDate "2019.10.17"]
[SourceQuality "1"]
[WhiteTeam "Budapest HUSI II"]
[BlackTeam "Budapest Ujpest KSE"]
[WhiteTeamCountry "HUN"]
[BlackTeamCountry "HUN"]

1. e4 e6 2. d3 d5 3. Nd2 c5 4. Ngf3 Bd6 5. g3 Nc6 6. Bg2 Nge7 7. 0-0 0-0 8. Re1 Rb8 9. c3 b5 10. a3 a5 11. h4 Ba6 12. Nf1 Qb6 13. h5 b4 14. axb4 axb4 15. e5 Bc7 16. N1h2 bxc3 17. bxc3 d4 18. c4 Nb4 19. Ng4 Kh8 20. Bg5 Ng8 21. h6 f5 22. hxg7+ Kxg7 23. Nf6 Rf7 24. Nh4 Bd8 25. Qh5 Bxf6 26. exf6+ Kf8 27. Ng6+ 1-0

[Event "HUN-chT2 Erkel 0910"]
[Site "Hungary"]
[Date "2010.03.21"]
[Round "8.10"]
[White "Valis, Janos"]
[Black "Bodi, Tibor"]
[Result "1-0"]
[WhiteElo "2105"]
[BlackElo "1898"]
[PlyCount "55"]
[EventDate "2009.11.08"]
[EventType "team-tourn"]
[EventRounds "11"]
[EventCountry "HUN"]
[SourceTitle "EXT 2011"]
[Source "ChessBase"]
[SourceDate "2010.11.26"]
[SourceVersion "1"]
[SourceVersionDate "2010.11.26"]
[SourceQuality "1"]
[WhiteTeam "Husi"]
[BlackTeam "Budapest MTK"]
[WhiteTeamCountry "HUN"]
[BlackTeamCountry "HUN"]

1. e4 Nf6 2. d3 d5 3. Nd2 e5 4. Ngf3 Nc6 5. Be2 Bc5 6. 0-0 Bg4 7. c3 dxe4 8. dxe4 Bxf3 9. Bxf3 Qe7 10. b4 Bd6 11. Nc4 0-0-0 12. Qa4 Rdg8 13. b5 Nb8 14. Qxa7 g5 15. Nxd6+ Qxd6 16. g3 Qd3 17. Be3 g4 18. Rfd1 Qc4 19. Bg2 Nxe4 20. Bd4 f5 21. Bxe5 Qxb5 22. Bxh8 Rxh8 23. Rab1 Qc6 24. Rd3 b6 25. Rbd1 Qf6 26. Qa8 Nc5 27. Rd5 Ne4 28. Rxf5 1-0

[Event "HUN-chT2 Maroczy 0809"]
[Site "Hungary"]
[Date "2009.04.05"]
[Round "10"]
[White "Tesik, Csaba"]
[Black "Valis, Janos"]
[Result "1-0"]
[WhiteElo "2093"]
[BlackElo "2105"]
[PlyCount "81"]
[EventDate "2008.10.26"]
[EventType "team-tourn"]
[EventRounds "11"]
[EventCountry "HUN"]
[SourceTitle "EXT 2010"]
[Source "ChessBase"]
[SourceDate "2010.11.25"]
[SourceVersion "1"]
[SourceVersionDate "2010.11.25"]
[SourceQuality "1"]
[WhiteTeam "Maroczy"]
[BlackTeam "Husi"]
[WhiteTeamCountry "HUN"]
[BlackTeamCountry "HUN"]

1. e4 d6 2. d4 g6 3. Nc3 c6 4. f4 d5 5. e5 h5 6. Nf3 Nh6 7. Be2 Bg4 8. 0-0 e6 9. Be3 Be7 10. h3 Nf5 11. Bf2 Bxf3 12. Bxf3 h4 13. Ne2 Nd7 14. b3 Nb6 15. Qd3 Rc8 16. c4 c5 17. cxd5 Nxd5 18. Rac1 cxd4 19. Qb5+ Kf8 20. Rxc8 Qxc8 21. Bxd5 exd5 22. Rc1 Qd8 23. Qxb7 Qa5 24. Nxd4 Nxd4 25. Bxd4 Qd2 26. Rc8+ Kg7 27. Bf2 Rxc8 28. Qxc8 Qxf4 29. Qc7 Bb4 30. Qxa7 Bc3 31. Qe3 Qxe3 32. Bxe3 d4 33. Bg5 d3 34. Kf2 Bd4+ 35. Kf3 Bxe5 36. Ke3 Bg3 37. Kxd3 f6 38. Be3 g5 39. a4 Kg6 40. a5 f5 41. a6 1-0